000
00305nam a2200145Ia 4500
100
_a
Millman/J/ Grabel/A
250
_a
2
942
_c
BK
654
_a
microelectronics
245
_a
Microelectronics
260
_b
Mc Graw Hill
_a
New Jersey
_c
1987
300
_a
1001
546
_a
ENGLISH
999
_c
28073
_d
28073